| 000 | 00505nam a2200181 i 4500 | ||
|---|---|---|---|
| 001 | bgj | ||
| 100 | 1 | _aALLEN, Virginia French | |
| 245 | 1 | 0 |
_aEncores : _bbook one / _cVirginia French Allen. |
| 260 |
_aWashington, D.C. : _bUnited States Information Agency, _c1987. |
||
| 300 |
_a68 pp : _bphotos ; _c26 cm. |
||
| 650 | 9 | _aReaders | |
| 650 | 9 |
_aEnglish language _xTextbook for foreigners |
|
| 020 | _apbk | ||
| 040 | _cBPK | ||
| 041 | 0 | _aeng | |
| 942 | _cKS | ||
| 008 | s uk f |000 0 eng | ||
| 999 |
_c49351 _d49351 |
||
| 856 |
_uhttp://koha.tu.koszalin.pl/cgi-bin/koha/opac-detail.pl?biblionumber=49351 _yKatalog online BPK |
||